000 00456nam a2200181Ia 4500
001 24448
005 20260414151044.0
008 260414t1994||||xx |||||||||||||| ||spa||
041 _aESP
082 _a345.7
_bR44
100 _aRetamozo Linares, Alberto [1958-...]
_eAUT
245 0 _aJurisprudencia civil de la Corte Suprema
_b
260 _c1994
300 _a418 páginas :
_c20 cm.
650 _aDER
654 _aCDE
942 _cLIB
_dJUS
_fJUS
_2ddc
_n
999 _c24448
_d24448